| 000 | 00672nam a2200205Ia 4500 | ||
|---|---|---|---|
| 003 | IEPS | ||
| 005 | 20250703135327.0 | ||
| 008 | 250223s9999||||xx |||||||||||||| ||und|| | ||
| 020 | _a9789773084431 | ||
| 040 | _CIEPS | ||
| 041 | _aara | ||
| 082 | _a796.07 | ||
| 100 | _aالخطيب خالد محمد عبد الجبار | ||
| 245 | 0 | _aموجهي التربية الرياضية في ضوء العمل المهني | |
| 260 |
_aمصر _bدار العلم و الإيمان للنشر و التوزيع _c2015 |
||
| 300 |
_a208 ص. _bجداول _c24 سم. |
||
| 490 | _aالمكتبة الرياضية | ||
| 653 | _aالإدارة الرياضية | ||
| 942 | _cكتاب | ||
| 999 |
_c13720 _d13720 |
||